000 02781cam a22003617a 4500
999 _c127155
_d127155
001 17733031
003 ARRUPE
005 20171026123028.0
008 130510s2013 enka b 001 0 eng d
010 _a 2012277398
015 _aGBB293117
_2bnb
016 7 _a016171836
_2Uk
020 _a9780199590964 (pbk.)
020 _a0199590966 (pbk.)
035 _a(OCoLC)ocn810946295
040 _aUKMGB
_beng
_cUKMGB
_dOCLCO
_dBTCTA
_dBDX
_dYDXCP
_dYNK
_dITJCU
_dVP@
_dCDX
_dFOLLT
_dBWX
_dIHI
_dMUU
_dDLC
042 _alccopycat
050 0 0 _aDC226.3
_b.R221 2013
082 0 4 _a940.2/7
_223
100 1 _aRapport, Michael.
_937292
245 1 4 _aThe Napoleonic Wars :
_ba very short introduction /
_cMike Rapport.
250 _a1st ed.
260 _aOxford :
_bOxford University Press,
_c2013.
300 _axiv, 149 p. :
_bill. ;
_c18 cm.
490 1 _aVery short introductions ;
_v344
504 _aIncludes bibliographical references (p. 129-140) and index.
505 0 _aOrigins -- The French Revolutionary Wars, 1792-1802 -- The Napoleonic Wars, 1803-1815 -- Total war, Revolutionary War -- Soldiers and civilians -- The war at sea -- The people's war.
520 _a"The Napoleonic Wars have an all-important place in the history of Europe, leaving their mark on European and world societies in a variety of ways. In many European countries, they provided the stimulus for radical social and political change--particularly in Spain, Germany, and Italy--and are frequently viewed in these places as the starting point of their modern histories. In this Very Short Introduction, Mike Rapport provides a compact overview of these pivotal wars. He begins with the French Revolution and the French Revolutionary wars of 1792-1803, which set the stage for the rise of Napoleon, and then examines the Napoleonic Wars in two acts--the years in which the French dominated the European landscape and the years when an allied Europe fought back, leading to Napoleon's final defeat at the Battle of Waterloo. Rapport sheds light on the social, political, and institutional aspects of warfare in the Napoleonic era, and he provides a fascinating discussion of the ways and means with which these wars were fought, looking at the tactics, strategies, and weaponry of the time. Finally, he illuminates the significance of the wars, and their legacy, in both specific national contexts and from a wider global perspective."--Publisher's website.
650 0 _aNapoleonic Wars, 1800-1815.
_937293
651 0 _aEurope
_xPolitics and government
_y1789-1815.
_937294
830 0 _aVery short introductions ;
_v344.
_937295
906 _a7
_bcbc
_ccopycat
_d2
_encip
_f20
_gy-gencatlg
942 _2lcc
_cMONOGRAPH